World Capitals starting with N (with hints) - Statistics

General Stats
  • This quiz has been taken 42 times
    39 since last reset
  • The average score is 8 of 11
Answer Stats
Continent Capital % Correct
Europe / Asia Nicosia
91%
North America Nassau
87%
Africa Nairobi
83%
Africa Niamey
78%
Asia New Delhi
74%
Africa N'Djamena
65%
Africa Nouakchott
65%
Oceania Ngerulmud
61%
Asia Nur-Sultan
61%
Oceania Nuku'alofa
52%
Asia Naypyidaw
48%
No matching quizzes found
Score Distribution
Percent of People with Each Score
Percentile by Number Answered
Your Score History
You have not taken this quiz since the last reset